Highest Grossing Movies of 2011 - Statistics

General Stats
  • This quiz has been taken 45 times
  • The average score is 8 of 68
Answer Stats
Rank Gross Answer Company % Correct
18 $370,600,000 Captain America: The First Avenger Paramount – Marvel Studios
64%
1 $1,341,500,000 Harry Potter and the Deathly Hallows – Part 2 Warner Bros. Pictures
64%
15 $449,300,000 Thor Paramount – Marvel Studios
57%
19 $353,600,000 X-Men: First Class 20th Century Fox – Marvel Studios
50%
37 $185,800,000 Hugo Paramount Pictures
36%
4 $712,200,000 The Twilight Saga: Breaking Dawn – Part 1 Lionsgate
36%
2 $1,123,800,000 Transformers: Dark of the Moon Paramount Pictures
36%
10 $562,100,000 Cars 2 Disney – Pixar
29%
6 $665,700,000 Kung Fu Panda 2 Paramount Pictures – DreamWorks
29%
3 $1,045,700,000 Pirates of the Caribbean: On Stranger Tides Walt Disney Pictures
29%
8 $586,800,000 The Hangover Part II Warner Bros. Pictures
21%
29 $216,600,000 The Help Touchstone Pictures – DreamWorks
21%
39 $177,600,000 War Horse Touchstone Pictures – DreamWorks
21%
7 $626,100,000 Fast Five Universal Pictures
14%
47 $157,900,000 Final Destination 5 Warner Bros. – New Line Cinema
14%
28 $219,900,000 Green Lantern Warner Bros. – DC Comics
14%
5 $694,700,000 Mission: Impossible – Ghost Protocol Paramount Pictures
14%
24 $245,700,000 Rango Paramount Pictures – Nickelodeon
14%
13 $484,600,000 Rio 20th Century Fox – Blue Sky Studios
14%
12 $545,400,000 Sherlock Holmes: A Game of Shadows Warner Bros. Pictures
14%
23 $260,100,000 Super 8 Paramount Pictures
14%
17 $374,000,000 The Adventures of Tintin Paramount – Columbia – Nickelodeon
14%
61 $133,400,000 The Artist The Weinstein Company
14%
66 $115,000,000 The Iron Lady The Weinstein Company
14%
9 $563,700,000 The Smurfs Columbia – Sony Pictures
14%
60 $135,500,000 Contagion Warner Bros. Pictures
7%
41 $174,800,000 Cowboys & Aliens Universal – Paramount – DreamWorks
7%
57 $142,900,000 Crazy, Stupid, Love Warner Bros. Pictures
7%
38 $184,000,000 Hop Universal Pictures – Illumination
7%
53 $149,700,000 Jack and Jill Columbia Pictures
7%
46 $160,100,000 Johnny English Reborn Universal Pictures
7%
45 $161,800,000 Limitless Relativity Media
7%
49 $151,100,000 Midnight in Paris Sony Pictures Classics
7%
67 $110,200,000 Moneyball Columbia Pictures
7%
34 $207,000,000 Paranormal Activity 3 Paramount Pictures
7%
11 $555,000,000 Puss in Boots Paramount Pictures – DreamWorks
7%
14 $481,800,000 Rise of the Planet of the Apes 20th Century Fox
7%
40 $177,200,000 The Descendants Fox Searchlight Pictures
7%
25 $232,600,000 The Girl with the Dragon Tattoo Columbia – Metro-Goldwyn-Mayer
7%
16 $444,800,000 The Intouchables Gaumont Film Company
7%
44 $165,200,000 The Muppets Walt Disney Pictures
7%
59 $136,100,000 Unknown Warner Bros. Pictures
7%
20 $342,700,000 Alvin and the Chipmunks: Chipwrecked Fox 2000 Pictures
0%
56 $147,000,000 Arthur Christmas Columbia – Sony Pictures
0%
30 $216,200,000 Bad Teacher Columbia Pictures
0%
32 $211,800,000 Battle: Los Angeles Columbia Pictures
0%
22 $288,400,000 Bridesmaids Universal Pictures
0%
50 $150,400,000 Friends with Benefits Screen Gems
0%
35 $194,000,000 Gnomeo & Juliet Touchstone Pictures
0%
51 $150,400,000 Happy Feet Two Warner Bros. Pictures
0%
33 $209,600,000 Horrible Bosses Warner Bros. – New Line Cinema
0%
52 $150,000,000 I Am Number Four Touchstone Pictures – DreamWorks
0%
27 $226,900,000 Immortals Relativity Media
0%
42 $174,000,000 In Time 20th Century Fox
0%
31 $215,000,000 Just Go with It Columbia Pictures
0%
36 $187,300,000 Mr. Popper's Penguins 20th Century Fox
0%
58 $142,000,000 New Year's Eve Warner Bros. – New Line Cinema
0%
54 $149,200,000 No Strings Attached Paramount Pictures
0%
21 $300,000,000 Real Steel Touchston Pictures – DreamWorks
0%
68 $108,600,000 Sanctum Universal Pictures
0%
55 $147,300,000 Source Code Summit Entertainment
0%
63 $127,900,000 The Adjustment Bureau Universal Pictures
0%
26 $227,800,000 The Green Hornet Columbia Pictures
0%
62 $132,200,000 The Three Musketeers Summit Entertainment
0%
48 $152,900,000 Tower Heist Universal Pictures
0%
65 $117,100,000 Water for Elephants 20th Century Fox
0%
64 $120,100,000 We Bought a Zoo 20th Century Fox
0%
43 $169,800,000 Zookeeper Columbia – Metro-Goldwyn-Mayer
0%
No matching quizzes found
Score Distribution
Percent of People with Each Score
Percentile by Number Answered
Your Score History
You have not taken this quiz